UBT Library

Financial accounting : (Record no. 40938)

000 -LEADER
fixed length control field 01070cam a22003494a 4500
001 - CONTROL NUMBER
control field 14163935
005 - DATE AND TIME OF LATEST TRANSACTION
control field 20180125072143.0
008 - FIXED-LENGTH DATA ELEMENTS--GENERAL INFORMATION
fixed length control field 051102s2007 njua 001 0 eng
010 ## - LIBRARY OF CONGRESS CONTROL NUMBER
LC control number 2005056962
015 ## - NATIONAL BIBLIOGRAPHY NUMBER
National bibliography number GBA588314
Source bnb
015 ## - NATIONAL BIBLIOGRAPHY NUMBER
National bibliography number GBA596934
Source bnb
015 ## - NATIONAL BIBLIOGRAPHY NUMBER
National bibliography number GBA596935
Source bnb
016 7# - NATIONAL BIBLIOGRAPHIC AGENCY CONTROL NUMBER
Record control number 013315640
Source Uk
016 7# - NATIONAL BIBLIOGRAPHIC AGENCY CONTROL NUMBER
Record control number 013337705
Source Uk
016 7# - NATIONAL BIBLIOGRAPHIC AGENCY CONTROL NUMBER
Record control number 013337706
Source Uk
020 ## - INTERNATIONAL STANDARD BOOK NUMBER
International Standard Book Number 0471730513 (cloth : alk. paper)
020 ## - INTERNATIONAL STANDARD BOOK NUMBER
International Standard Book Number 0471750786 (pbk.)
020 ## - INTERNATIONAL STANDARD BOOK NUMBER
International Standard Book Number 0471750816 (pbk.)
020 ## - INTERNATIONAL STANDARD BOOK NUMBER
International Standard Book Number 9780471730514
035 ## - SYSTEM CONTROL NUMBER
System control number (OCoLC)ocm62132788
040 ## - CATALOGING SOURCE
Original cataloging agency DLC
Transcribing agency DLC
Modifying agency YDX
-- UKM
-- BAKER
-- IXA
-- VP@
-- DLC
041 ## - LANGUAGE CODE
Language code of text/sound track or separate title eng
042 ## - AUTHENTICATION CODE
Authentication code pcc
080 ## - UNIVERSAL DECIMAL CLASSIFICATION NUMBER
Universal Decimal Classification number 657 pau
082 00 - DEWEY DECIMAL CLASSIFICATION NUMBER
Classification number 657 pau
Edition number 22
100 1# - Rafti
Rafti 62
101 ## - Shkurtesa
Shkurtesa kon
245 10 - TITLE STATEMENT
Title Financial accounting :
Statement of responsibility, etc Paul D. Kimmel, Jerry J. Weygandt, Donald E. Kieso.
906 ## - LOCAL DATA ELEMENT F, LDF (RLIN)
a 7
b cbc
c orignew
d 1
e ocip
f 20
g y-gencatlg
942 ## - ADDED ENTRY ELEMENTS (KOHA)
Source of classification or shelving scheme
Item type Books
Holdings
Withdrawn status Lost status Source of classification or shelving scheme Damaged status Not for loan Collection code Permanent location Current location Shelving location Date acquired Total Checkouts Full call number Barcode Date last seen Price effective from Koha item type
          Koleksioni i përgjithshem UBT - Lipjan UBT - Lipjan Koleksioni i përgjithshem 01/25/2018   657 pau 002-2996570 01/25/2018 01/25/2018 Books
UBT Library © 2015-2024. All rights reserved University Education for Business and Technology